[Event "Central European zonal 2 (w)"]
[Site "Haifa ISR"]
[Date "1989.??.??"]
[Round "?"]
[White "Lauterbach, Ingrid"]
[Black "Kristol, Luba"]
[Result "0-1"]
[WhiteElo "2170"]
[BlackElo "2230"]
[EventDate "1989.??.??"]
[PlyCount "136"]

1.e4 c5 2.Nf3 Nc6 3.d4 cxd4 4.Nxd4 g6 5.c4 Nf6 6.Nc3 Nxd4 7.Qxd4 d6 8.Bg5 
Bg7 9.Qd2 Qa5 10.Bd3 Be6 11.O-O Rc8 12.Nd5 Qxd2 13.Bxd2 Nd7 14.Rab1 Ne5 
15.Bc3 Nxd3 16.Bxg7 Rg8 17.Bc3 Rxc4 18.Rbd1 Bxd5 19.Rxd3 Bxe4 20.Re3 Bf5 
21.Rd1 Kd7 22.Bd4 a6 23.h3 Rgc8 24.Bc3 b5 25.a3 Ra8 26.g4 Be6 27.Kh2 a5 
28.Kg3 b4 29.axb4 axb4 30.Be1 Ra2 31.b3 Rc7 32.Rd4 Rb7 33.f4 Rb2 34.Rxb4 
Rxb4 35.Bxb4 Bxb3 36.Bc3 Rb1 37.g5 Bd5 38.Re1 Rb3 39.Re3 Be6 40.h4 Bd5 41.
Kf2 Ra3 42.Bg7 Ra2+ 43.Kg3 Rg2+ 44.Kh3 Rg1 45.Ra3 Be6+ 46.Kh2 Rg4 47.Ra4 
Rxh4+ 48.Kg2 Bd5+ 49.Kg3 Rh1 50.Bf8 Rb1 51.Ra7+ Bb7 52.Ra3 Bd5 53.Ra7+ Bb7
54.Ra3 Rb4 55.Re3 Be4 56.Ra3 f6 57.gxf6 exf6 58.Ra6 Bc6 59.Bg7 f5 60.Ra7+ 
Bb7 61.Ra3 g5 62.Bh6 Rxf4 63.Rd3 Rg4+ 64.Kf2 Be4 65.Ra3 f4 66.Ra7+ Ke6 67.
Ra5 Rg2+ 68.Ke1 f3 0-1

[Event "Central European zonal 2 (w)"]
[Site "Haifa ISR"]
[Date "1989.??.??"]
[Round "?"]
[White "Lauterbach, Ingrid"]
[Black "Trabert, Bettina"]
[Result "1/2-1/2"]
[WhiteElo "2170"]
[BlackElo "2205"]
[EventDate "1989.??.??"]
[PlyCount "48"]

1.Nf3 Nf6 2.g3 b5 3.Bg2 Bb7 4.O-O e6 5.d3 d5 6.e4 Be7 7.exd5 exd5 8.d4 O-O
9.c3 c5 10.dxc5 Bxc5 11.Nbd2 Nbd7 12.Nb3 Bb6 13.Nbd4 a6 14.Bf4 Nc5 15.Ne5 
Rc8 16.Bh3 Ncd7 17.Nxd7 Nxd7 18.Nf5 Nf6 19.Nd6 Rc7 20.Nxb7 Rxb7 21.Qf3 Ne4
22.Bg2 Qc8 23.Rad1 Qc4 24.Qd3 Qxa2 1/2-1/2

[Event "Central European zonal 2 (w)"]
[Site "Haifa ISR"]
[Date "1989.??.??"]
[Round "?"]
[White "Lauterbach, Ingrid"]
[Black "Vardi, Shlomit"]
[Result "1-0"]
[WhiteElo "2170"]
[BlackElo "2040"]
[EventDate "1989.??.??"]
[PlyCount "47"]

1.e4 d5 2.exd5 Nf6 3.d4 Nxd5 4.c4 Nb6 5.Nc3 e5 6.d5 g6 7.Nf3 N8d7 8.Be3 f6
9.Qd2 Nc5 10.b4 Nca4 11.Ne4 Bf5 12.Ng3 c6 13.Nxf5 gxf5 14.Bh6 cxd5 15.Bxf8
Kxf8 16.Qh6+ Kg8 17.c5 Nc8 18.Nh4 Qd7 19.Qxf6 Qe7 20.Qh6 Qg7 21.Qd2 Qd7 
22.Qg5+ Kf7 23.Nxf5 e4 24.Qg7+ 1-0

[Event "Central European zonal 2 (w)"]
[Site "Haifa ISR"]
[Date "1989.??.??"]
[Round "?"]
[White "Lauterbach, Ingrid"]
[Black "Wohlers-Armas, Friederike"]
[Result "1-0"]
[WhiteElo "2170"]
[BlackElo "2145"]
[EventDate "1989.??.??"]
[PlyCount "79"]

1.e4 c5 2.Nf3 a6 3.g3 b5 4.Bg2 Bb7 5.d3 g6 6.O-O Bg7 7.c3 d6 8.Re1 Nd7 9.
Qb3 Qc7 10.Nbd2 Ngf6 11.a4 c4 12.dxc4 Nc5 13.Qc2 bxa4 14.Nd4 Nfd7 15.b4 
axb3 16.N4xb3 Nxb3 17.Nxb3 Qxc4 18.Bd2 Qc7 19.Na5 O-O 20.Nxb7 Qxb7 21.e5 
d5 22.Qa2 e6 23.c4 Nxe5 24.cxd5 exd5 25.Rab1 Qd7 26.Bb4 Rfd8 27.Ba5 Rdb8 
28.Rbd1 d4 29.Bc3 Qg4 30.Bxd4 Rd8 31.Bxa8 Rxd4 32.Rxd4 Qxd4 33.Bg2 Nd3 34.
Re8+ Bf8 35.Qd2 Qa1+ 36.Bf1 Ne5 37.Qd6 Nf3+ 38.Kg2 Ne1+ 39.Kh1 Qg7 40.Qd1 
1-0

[Event "Central European zonal 2 (w)"]
[Site "Haifa ISR"]
[Date "1989.??.??"]
[Round "?"]
[White "Lematschko, Tatjana"]
[Black "Baumann, Claude"]
[Result "1/2-1/2"]
[WhiteElo "2305"]
[BlackElo "2020"]
[EventDate "1989.??.??"]
[PlyCount "188"]

1.e4 e6 2.d3 d5 3.Nd2 c5 4.g3 Nc6 5.Bg2 Nf6 6.Ne2 Be7 7.O-O O-O 8.h3 Qc7 
9.f4 dxe4 10.Nxe4 Rd8 11.Kh2 c4 12.d4 Nxe4 13.Bxe4 f5 14.Bg2 Bf6 15.c3 b5 
16.Qe1 Rb8 17.Ng1 a5 18.Qe2 Ne7 19.a3 Nd5 20.Bd2 b4 21.axb4 axb4 22.Ra4 
Bd7 23.Bxd5 exd5 24.Rxb4 Rxb4 25.cxb4 Bxd4 26.Bc3 Bb6 27.Nf3 Re8 28.Qd2 
Bc6 29.Re1 Re4 30.Ng5 Rxe1 31.Qxe1 Qd6 32.Qe6+ Qxe6 33.Nxe6 g6 34.Bd4 Bd7 
35.Bxb6 Bxe6 36.Kg2 Kf7 37.Kf3 Bd7 38.Ke3 Ke6 39.Kd4 Kd6 40.Bc5+ Ke6 41.
Bf8 Bc6 42.Kc5 Kd7 43.Bg7 Bb7 44.Kb6 Kc8 45.Bd4 Ba8 46.b5 Kb8 47.g4 Kc8 
48.Ka7 Bb7 49.g5 Kc7 50.h4 Kc8 51.Be5 d4 52.Bxd4 Be4 53.Be5 Bf3 54.Kb6 Kd7
55.Bc3 Kc8 56.Ka7 Kc7 57.Ba5+ Kc8 58.Be1 Kc7 59.b6+ Kc8 60.Ka6 Bc6 61.Bf2 
Bf3 62.h5 gxh5 63.Kb5 Bd5 64.Ka6 Bc6 65.Be1 Kd8 66.Bh4 Kc8 67.Bf2 Kb8 68.
Ka5 Kb7 69.Kb4 Bd5 70.Kc5 Bf7 71.Be1 Bg6 72.Bg3 Bf7 73.Bf2 Bg8 74.Kd6 Bf7 
75.Ke5 Bg6 76.Kd5 Bf7+ 77.Kd4 Kc6 78.Kc3 h4 79.Bxh4 Kxb6 80.Kd4 Kc6 81.Ke5
Bg6 82.Ke6 Kc5 83.Bf2+ Kc6 84.Be3 Kb5 85.Kd5 Bf7+ 86.Kd6 Kb4 87.Bd2+ Kb3 
88.Bc3 Ka2 89.Ke5 Bg6 90.Kd4 Kb3 91.Kc5 Bf7 92.Be5 Kc2 93.Kd6 Kd3 94.Ke7 
Bg6 1/2-1/2

[Event "Central European zonal 2 (w)"]
[Site "Haifa ISR"]
[Date "1989.??.??"]
[Round "?"]
[White "Lematschko, Tatjana"]
[Black "Ehrke, Anja"]
[Result "1/2-1/2"]
[WhiteElo "2305"]
[BlackElo "2210"]
[EventDate "1989.??.??"]
[PlyCount "154"]

1.c4 Nf6 2.g3 d6 3.Bg2 c6 4.Nc3 e5 5.d4 Nbd7 6.Nf3 Be7 7.O-O O-O 8.Qc2 Re8
9.Rd1 Qc7 10.b4 a6 11.a3 Bf8 12.dxe5 dxe5 13.Bb2 h6 14.Rac1 a5 15.b5 Nc5 
16.Na4 Bg4 17.Nc3 a4 18.Nd2 Bh5 19.Bh3 e4 20.Nf1 Ng4 21.Bxg4 Bxg4 22.Ne3 
Bh5 23.Re1 Bg6 24.Rcd1 f5 25.Ng2 Ne6 26.bxc6 bxc6 27.Nxa4 Qa7 28.Nc3 Bxa3 
29.Bxa3 Qxa3 30.Nf4 Nxf4 31.gxf4 Bf7 32.Rc1 Qc5 33.Nd1 Ra3 34.e3 Rea8 35.
Qd2 Rd3 36.Qc2 Qb4 37.Nc3 Bxc4 38.Nxe4 Bb5 39.Nc5 Rd5 40.Qb3 Qxb3 41.Nxb3 
Rd3 42.Nd4 Ra2 43.Red1 Rxd1+ 44.Rxd1 g6 45.Rc1 Ra6 46.h4 h5 47.Nf3 c5 48.
Rxc5 Bc6 49.Kg2 Bxf3+ 50.Kxf3 Ra3 51.Rc2 Ra1 52.Re2 Rg1 53.e4 fxe4+ 54.
Rxe4 Kf7 55.Ra4 Rg4 56.Ke4 Rxh4 57.Ke5 Rh1 58.Ra7+ Ke8 59.Ke6 Re1+ 60.Kf6 
Rg1 61.Ra8+ Kd7 62.Rh8 Rg2 63.f3 Rg3 64.f5 gxf5 65.f4 Rh3 66.Kg5 Rh1 67.
Rxh5 Rxh5+ 68.Kxh5 Ke7 69.Kg6 Kf8 70.Kf6 Kg8 71.Ke7 Kg7 72.Ke6 Kg8 73.Kf6 
Kf8 74.Kxf5 Kf7 75.Ke5 Ke7 76.f5 Kf7 77.f6 Kf8 1/2-1/2

[Event "Central European zonal 2 (w)"]
[Site "Haifa ISR"]
[Date "1989.??.??"]
[Round "?"]
[White "Lematschko, Tatjana"]
[Black "Lauterbach, Ingrid"]
[Result "1-0"]
[WhiteElo "2305"]
[BlackElo "2170"]
[EventDate "1989.??.??"]
[PlyCount "87"]

1.e4 d6 2.d4 Nf6 3.Nc3 g6 4.g3 Bg7 5.Bg2 O-O 6.Nge2 c6 7.a4 a5 8.h3 Na6 9.
O-O Nb4 10.Nb1 e5 11.c3 Na6 12.Be3 d5 13.f3 exd4 14.cxd4 Qe7 15.e5 Ne8 16.
Qd2 Nb4 17.Na3 Nc7 18.g4 Nca6 19.g5 Bf5 20.Ng3 Bd3 21.Rfc1 c5 22.f4 h6 23.
h4 Qd7 24.Qd1 Bf5 25.Nb5 cxd4 26.Nxf5 Qxf5 27.Nxd4 Qd7 28.Rc3 Nc6 29.Bf2 
Nxd4 30.Qxd4 Nb4 31.Bh3 Qd8 32.Qb6 Qxb6 33.Bxb6 Ra6 34.Bf2 Rd8 35.Rd1 Rc6 
36.Bf1 Rdc8 37.Rdc1 Na2 38.Rxc6 bxc6 39.Rc5 Bf8 40.Rxa5 hxg5 41.hxg5 Bb4 
42.Ra7 Bd2 43.Bh3 Rb8 44.e6 1-0

[Event "Central European zonal 2 (w)"]
[Site "Haifa ISR"]
[Date "1989.??.??"]
[Round "?"]
[White "Lematschko, Tatjana"]
[Black "Vardi, Shlomit"]
[Result "1-0"]
[WhiteElo "2305"]
[BlackElo "2040"]
[EventDate "1989.??.??"]
[PlyCount "73"]

1.c4 Nf6 2.Nc3 g6 3.g3 Bg7 4.Bg2 d6 5.b4 c6 6.Rb1 Be6 7.d3 d5 8.c5 Na6 9.
d4 Bf5 10.Rb3 Nc7 11.Nf3 Ne4 12.Na4 Qc8 13.h3 f6 14.Bf4 g5 15.Be3 h6 16.h4
Be6 17.Nb2 Rb8 18.a4 Qd7 19.Nd2 f5 20.Nf1 gxh4 21.Rxh4 h5 22.f3 Bf6 23.Rh1
Ng5 24.Nd3 Bf7 25.Bxg5 Bxg5 26.Ne5 Qe6 27.b5 O-O 28.f4 Bf6 29.Qb1 Bxe5 30.
fxe5 Qg6 31.Bf3 Qh6 32.bxc6 Qxc6 33.Bxh5 Qxa4 34.Qxf5 Qa1+ 35.Rb1 Qa5+ 36.
Nd2 Qa4 37.Bg4 1-0

[Event "Central European zonal 2 (w)"]
[Site "Haifa ISR"]
[Date "1989.??.??"]
[Round "?"]
[White "Podrazhanskaya, Olga"]
[Black "Borek, Jutta"]
[Result "1/2-1/2"]
[WhiteElo "2200"]
[BlackElo "2060"]
[EventDate "1989.??.??"]
[PlyCount "122"]

1.Nf3 Nf6 2.b3 d5 3.Bb2 e6 4.e3 Nbd7 5.d4 Ne4 6.Bd3 f5 7.O-O Be7 8.c4 O-O 
9.Nc3 Nxc3 10.Bxc3 Nf6 11.Ne5 Bd7 12.Bb2 c6 13.Rc1 Be8 14.Qe2 Bh5 15.Qc2 
Rc8 16.c5 Nd7 17.Nxd7 Qxd7 18.b4 h6 19.a4 a6 20.Qb3 Ra8 21.b5 axb5 22.axb5
Rfb8 23.Ra1 Be8 24.Bc3 Bd8 25.Rfb1 Rxa1 26.Rxa1 b6 27.g4 cxb5 28.gxf5 exf5
29.Rb1 bxc5 30.dxc5 Qf7 31.Be5 Rb7 32.Qc2 Bc6 33.Bxf5 Bh4 34.Bd4 Rb8 35.f4
Rf8 36.Bg6 Qd7 37.f5 Qe7 38.Qg2 Bg5 39.Re1 Ra8 40.Qg3 Rf8 41.Qd6 Qxd6 42.
cxd6 Bd7 43.Rc1 Bd8 44.Rc5 Bxf5 45.Bxf5 Rxf5 46.Rxb5 g6 47.Rb8 Rf8 48.Kg2 
h5 49.Rb7 Rf7 50.Rb8 Rf8 51.Bc5 Kf7 52.Rb7+ Kf6 53.Rb1 Ke6 54.Rb8 Kf7 55.
d7 Rg8 56.Kf3 Ke6 57.Bb6 Kxd7 58.h4 Rf8+ 59.Ke2 Re8 60.Bxd8 Rxd8 61.Rb6 
Rg8 1/2-1/2

[Event "Central European zonal 2 (w)"]
[Site "Haifa ISR"]
[Date "1989.??.??"]
[Round "?"]
[White "Podrazhanskaya, Olga"]
[Black "Lauterbach, Ingrid"]
[Result "1-0"]
[WhiteElo "2200"]
[BlackElo "2170"]
[EventDate "1989.??.??"]
[PlyCount "41"]

1.e4 d6 2.d4 Nf6 3.Nc3 g6 4.Bg5 Bg7 5.Qd2 c6 6.f3 Nbd7 7.Nge2 Qc7 8.g4 h6 
9.Be3 Nb6 10.Ng3 Nfd7 11.f4 Nf6 12.h3 e5 13.O-O-O exd4 14.Bxd4 Be6 15.f5 
Bc4 16.Bxb6 axb6 17.Bxc4 d5 18.exd5 Qxg3 19.Rhe1+ Kf8 20.dxc6 bxc6 21.Qd8+
1-0

[Event "Central European zonal 2 (w)"]
[Site "Haifa ISR"]
[Date "1989.??.??"]
[Round "?"]
[White "Podrazhanskaya, Olga"]
[Black "Lematschko, Tatjana"]
[Result "1/2-1/2"]
[WhiteElo "2200"]
[BlackElo "2305"]
[EventDate "1989.??.??"]
[PlyCount "172"]

1.Nf3 d6 2.d4 g6 3.g3 Bg7 4.Bg2 c6 5.O-O Bg4 6.h3 Bf5 7.Nc3 d5 8.Ne5 Nd7 
9.f4 f6 10.Nf3 Be4 11.Nxe4 dxe4 12.Nd2 Nb6 13.Nxe4 f5 14.Ng5 Qxd4+ 15.Qxd4
Bxd4+ 16.Kh2 Bf6 17.e4 Nh6 18.Ne6 Kf7 19.Nc5 Rab8 20.e5 Bg7 21.e6+ Kg8 22.
Rd1 Bf6 23.a4 Kg7 24.a5 Nd5 25.Bxd5 cxd5 26.Rxd5 Rbc8 27.c3 Rc6 28.Bd2 b6 
29.axb6 axb6 30.Nd7 Rxe6 31.Re1 Rd6 32.Rxd6 exd6 33.Re6 Rd8 34.Nxb6 Kf7 
35.Re2 Rb8 36.Be3 Ng8 37.Nc4 Be7 38.Bd4 Bf8 39.Kg2 Rc8 40.Nb6 Rb8 41.Nd7 
Rb3 42.Nxf8 Kxf8 43.Kf2 Kf7 44.Ke3 Ke6 45.Kd3+ Kd7 46.Kc4 Rb8 47.b4 Ne7 
48.b5 Rc8+ 49.Kb3 Rb8 50.Ka4 Ra8+ 51.Kb4 Ra1 52.c4 Rd1 53.Kc3 Nc8 54.g4 
Rh1 55.Re3 Rc1+ 56.Kb4 Rf1 57.gxf5 Rxf4 58.fxg6 hxg6 59.Rd3 Kc7 60.Ka5 Kb7
61.c5 dxc5 62.Bxc5 Rf7 63.b6 Rh7 64.Kb5 Rf7 65.Rd8 Rh7 66.Rd3 Rf7 67.h4 
Rh7 68.Rd4 Rf7 69.Rd8 Rg7 70.Rf8 Ne7 71.Bd6 Nc8 72.Bc7 Rh7 73.Be5 Re7 74.
Bf4 Rd7 75.Kc5 Rg7 76.Be5 Re7 77.Bc7 Re2 78.Rf7 Rc2+ 79.Kb5 Rb2+ 80.Kc4 
Nxb6+ 81.Bxb6+ Kxb6 82.Rf6+ Kc7 83.Rxg6 Rh2 84.Rg4 Kd6 85.Re4 Rh3 86.Kd4 
Ra3 1/2-1/2

[Event "Central European zonal 2 (w)"]
[Site "Haifa ISR"]
[Date "1989.??.??"]
[Round "?"]
[White "Podrazhanskaya, Olga"]
[Black "Vardi, Shlomit"]
[Result "1-0"]
[WhiteElo "2200"]
[BlackElo "2040"]
[EventDate "1989.??.??"]
[PlyCount "59"]

1.d4 Nf6 2.c4 g6 3.Nc3 Bg7 4.e4 d6 5.f4 O-O 6.Nf3 c5 7.d5 Bg4 8.Be2 e6 9.
O-O exd5 10.e5 dxe5 11.fxe5 Nfd7 12.Bg5 Qa5 13.cxd5 Bxf3 14.Bxf3 Nxe5 15.
Be7 Re8 16.d6 Nbc6 17.Bxc6 bxc6 18.Ne4 Qb4 19.Qe2 Nd7 20.Rxf7 Bd4+ 21.Kh1 
Kxf7 22.Ng5+ Kg7 23.Qe6 Nf8 24.Qf7+ Kh6 25.Rf1 Qxb2 26.h4 Bg7 27.Qg8 Qe2 
28.Rf4 Qd2 29.Nf7+ Kh5 30.g4# 1-0

[Event "Central European zonal 2 (w)"]
[Site "Haifa ISR"]
[Date "1989.??.??"]
[Round "?"]
[White "Trabert, Bettina"]
[Black "Baumann, Claude"]
[Result "1/2-1/2"]
[WhiteElo "2205"]
[BlackElo "2020"]
[EventDate "1989.??.??"]
[PlyCount "58"]

1.e4 e6 2.d3 d5 3.Nd2 c5 4.Ngf3 Nc6 5.g3 Nf6 6.Bg2 dxe4 7.dxe4 Be7 8.O-O 
O-O 9.c3 Qc7 10.Qc2 Rd8 11.Nc4 e5 12.Bg5 Be6 13.Ne3 h6 14.Bxf6 Bxf6 15.
Rfd1 c4 16.Nd5 Bxd5 17.exd5 Ne7 18.Qe4 Nc8 19.Nd2 Nd6 20.Qe2 Qc5 21.Nf1 
Re8 22.Ne3 g6 23.h4 Bg7 24.h5 g5 25.Qg4 Qc8 26.Bh3 Qxg4 27.Bxg4 Rad8 28.a4
Re7 29.Nf5 Rc7 1/2-1/2

[Event "Central European zonal 2 (w)"]
[Site "Haifa ISR"]
[Date "1989.??.??"]
[Round "?"]
[White "Trabert, Bettina"]
[Black "Borek, Jutta"]
[Result "1-0"]
[WhiteElo "2205"]
[BlackElo "2060"]
[EventDate "1989.??.??"]
[PlyCount "75"]

1.e4 c5 2.Nf3 Nc6 3.c3 d5 4.exd5 Qxd5 5.d4 Nf6 6.Be2 e6 7.O-O cxd4 8.cxd4 
Be7 9.Nc3 Qd8 10.Be3 O-O 11.Ne5 Nb4 12.Bf3 Nbd5 13.Bg5 h6 14.Bh4 Nf4 15.
Bg3 N4d5 16.Qb3 Qb6 17.Bxd5 Nxd5 18.Nxd5 exd5 19.Qxd5 Qxb2 20.Ng6 Bf6 21.
Nxf8 Kxf8 22.Be5 Be6 23.Qd6+ Be7 24.Bxg7+ Kxg7 25.Qxe7 Qxd4 26.Qxb7 Rd8 
27.Qf3 Bg4 28.Qe3 Qa4 29.h3 Bf5 30.Qb3 Qc6 31.Rac1 Qe4 32.Rfe1 Qa8 33.Rc7 
Bg6 34.Ree7 Rf8 35.Rxa7 Qc6 36.Rac7 Qd6 37.Red7 Qa6 38.Qc4 1-0

[Event "Central European zonal 2 (w)"]
[Site "Haifa ISR"]
[Date "1989.??.??"]
[Round "?"]
[White "Trabert, Bettina"]
[Black "Ladner, Karin"]
[Result "1/2-1/2"]
[WhiteElo "2205"]
[BlackElo "2045"]
[EventDate "1989.??.??"]
[PlyCount "48"]

1.e4 Nf6 2.e5 Nd5 3.d4 d6 4.c4 Nb6 5.exd6 cxd6 6.Nc3 g6 7.Be2 Bg7 8.Nf3 
O-O 9.O-O Nc6 10.b3 Bg4 11.Be3 Rc8 12.Qd2 Re8 13.Rad1 e5 14.dxe5 dxe5 15.
Nb5 Qxd2 16.Rxd2 Rcd8 17.Rxd8 Rxd8 18.h3 Bf5 19.Rd1 Rxd1+ 20.Bxd1 Nc8 21.
g4 Bd7 22.Ng5 f5 23.Nc7 Nd8 24.gxf5 gxf5 1/2-1/2

[Event "Central European zonal 2 (w)"]
[Site "Haifa ISR"]
[Date "1989.??.??"]
[Round "?"]
[White "Trabert, Bettina"]
[Black "Podrazhanskaya, Olga"]
[Result "1-0"]
[WhiteElo "2205"]
[BlackElo "2200"]
[EventDate "1989.??.??"]
[PlyCount "75"]

1.e4 e6 2.d4 b6 3.Nf3 Bb7 4.Bd3 Nf6 5.Qe2 d5 6.e5 Nfd7 7.Ng5 Qe7 8.Qg4 
Qb4+ 9.Kd1 Nc6 10.c3 Qe7 11.Nxh7 O-O-O 12.Re1 Re8 13.Kc2 Kb8 14.Bf4 f6 15.
Bg6 Rxh7 16.Bxh7 g5 17.Bg6 gxf4 18.Bxe8 Qxe8 19.exf6 Nxf6 20.Qxe6 Qg6+ 21.
Kc1 f3 22.gxf3 Bh6+ 23.Nd2 Bxd2+ 24.Kxd2 Ba6 25.Qe3 Qf5 26.Rg1 Kb7 27.Rg5 
Qh7 28.Rh1 Nh5 29.Rhg1 Na5 30.b3 Nf6 31.R1g2 Qh3 32.Rg6 Qf5 33.Rg1 Nh5 34.
R6g5 Qf7 35.Qe5 Nf6 36.Rf5 Qf8 37.Rxf6 Qa3 38.Qxd5+ 1-0

[Event "Central European zonal 2 (w)"]
[Site "Haifa ISR"]
[Date "1989.??.??"]
[Round "?"]
[White "Trabert, Bettina"]
[Black "Vardi, Shlomit"]
[Result "1-0"]
[WhiteElo "2205"]
[BlackElo "2040"]
[EventDate "1989.??.??"]
[PlyCount "80"]

1.e4 d6 2.d4 Nf6 3.Bd3 Nbd7 4.Nf3 e5 5.c3 c6 6.O-O Be7 7.Nbd2 Qc7 8.Re1 
Nf8 9.Nf1 Ne6 10.Ng3 h6 11.Nf5 Bf8 12.Bc2 g6 13.Ne3 h5 14.d5 Nf4 15.dxc6 
bxc6 16.Nc4 Ne6 17.Ng5 Nh7 18.Nxe6 Bxe6 19.Bb3 Be7 20.f4 Nf8 21.Be3 f6 22.
Qf3 a5 23.Qf2 c5 24.Ba4+ Bd7 25.Bxd7+ Nxd7 26.Rad1 Ra6 27.Qd2 Qc6 28.Qd5 
Qxd5 29.Rxd5 O-O 30.Rd3 exf4 31.Bxf4 Ne5 32.Bxe5 dxe5 33.Rd7 Kf7 34.Red1 
Ke6 35.a4 Rb8 36.R1d5 Re8 37.Kf2 f5 38.Nxe5 Rd8 39.Rxd8 Bxd8 40.Nxg6 Bf6 
1-0

[Event "Central European zonal 2 (w)"]
[Site "Haifa ISR"]
[Date "1989.??.??"]
[Round "?"]
[White "Vardi, Shlomit"]
[Black "Baumann, Claude"]
[Result "0-1"]
[WhiteElo "2040"]
[BlackElo "2020"]
[EventDate "1989.??.??"]
[PlyCount "116"]

1.Nf3 Nf6 2.b3 d5 3.Bb2 c5 4.g3 Nc6 5.Bg2 d4 6.d3 e5 7.e4 g6 8.O-O Bg7 9.
Bc1 Bd7 10.c3 O-O 11.cxd4 cxd4 12.Nbd2 b5 13.a4 b4 14.Nc4 Bg4 15.h3 Bxf3 
16.Bxf3 Nd7 17.Bg2 Na5 18.Bd2 Nxc4 19.dxc4 a5 20.Rb1 Nc5 21.Qc1 Qe7 22.Bg5
f6 23.Bd2 Rad8 24.Qd1 Kh8 25.h4 Rde8 26.h5 gxh5 27.Qxh5 Qf7 28.Qxf7 Rxf7 
29.f3 f5 30.Rfe1 fxe4 31.fxe4 Rg8 32.Re2 Bf8 33.Kh2 Rfg7 34.Be1 Nd3 35.g4 
Nxe1 36.Rbxe1 Rxg4 37.Rd1 Bh6 38.Rc2 Bf4+ 39.Kh1 R8g6 40.Rd3 Rh6+ 41.Kg1 
Be3+ 42.Kf1 Rf6+ 43.Ke1 h5 44.c5 Rc6 45.Kf1 Kg7 46.Rd1 h4 47.Bf3 Rg3 48.
Bh1 h3 49.Ke2 Bf4 50.Rd3 Be3 51.Rd1 h2 52.Kd3 Bf4+ 53.Kc4 Rc3+ 54.Rxc3 
bxc3 55.Kd3 Rxc5 56.Kc2 Rc6 57.Bf3 Kf7 58.Rb1 d3+ 0-1

[Event "Central European zonal 2 (w)"]
[Site "Haifa ISR"]
[Date "1989.??.??"]
[Round "?"]
[White "Vardi, Shlomit"]
[Black "Kristol, Luba"]
[Result "1/2-1/2"]
[WhiteElo "2040"]
[BlackElo "2230"]
[EventDate "1989.??.??"]
[PlyCount "99"]

1.e4 e6 2.d3 d5 3.Nd2 c5 4.g3 Nc6 5.Bg2 Nf6 6.Ne2 e5 7.O-O Be7 8.Nc3 Be6 
9.Nxd5 Nxd5 10.exd5 Bxd5 11.Nc4 Bxg2 12.Kxg2 Qd5+ 13.f3 O-O 14.Ne3 Qd7 15.
f4 exf4 16.Rxf4 Nd4 17.Rf2 f5 18.c3 Nc6 19.Qb3+ Kh8 20.Qd5 Qxd5+ 21.Nxd5 
Bd6 22.Bf4 Bxf4 23.Nxf4 Rae8 24.h4 Rf7 25.Raf1 Kg8 26.Re2 Rxe2+ 27.Nxe2 
Re7 28.Rf2 Ne5 29.Nf4 Ng4 30.Re2 Kf7 31.Rxe7+ Kxe7 32.Kf3 Kd6 33.Ne2 Ne5+ 
34.Ke3 g6 35.b3 Ng4+ 36.Kf3 Nf6 37.a4 b6 38.d4 cxd4 39.Nxd4 a6 40.Ke3 Nd5+
41.Kd3 Nf6 42.Ke3 Nh5 43.Kf3 Kd5 44.Ne2 Nf6 45.Kf4 h6 46.Ke3 g5 47.hxg5 
hxg5 48.Nd4 Ng4+ 49.Kf3 Ne5+ 50.Ke3 1/2-1/2

[Event "Central European zonal 2 (w)"]
[Site "Haifa ISR"]
[Date "1989.??.??"]
[Round "?"]
[White "Vardi, Shlomit"]
[Black "Ladner, Karin"]
[Result "1-0"]
[WhiteElo "2040"]
[BlackElo "2045"]
[EventDate "1989.??.??"]
[PlyCount "161"]

1.e4 Nf6 2.e5 Nd5 3.Nc3 Nxc3 4.dxc3 d6 5.Bf4 Nc6 6.Nf3 Bg4 7.Bb5 a6 8.
Bxc6+ bxc6 9.h3 Bxf3 10.Qxf3 Qd7 11.O-O e6 12.Rad1 d5 13.c4 Bc5 14.Rd2 O-O
15.Qg3 Kh8 16.Rfd1 Rac8 17.Be3 Be7 18.Qg4 Rcd8 19.Qe2 Qc8 20.f4 f5 21.g3 
h6 22.h4 Kh7 23.Kg2 Rg8 24.c3 g6 25.c5 Qb7 26.a4 Ra8 27.b4 Rgb8 28.Rb2 Qc8
29.Rdb1 Qf8 30.Qf2 Qe8 31.Qe2 h5 32.Qd3 Kg7 33.b5 axb5 34.axb5 cxb5 35.
Rxb5 Rxb5 36.Qxb5 c6 37.Qb7 Ra2+ 38.Kf3 Ra3 39.Bd4 Kf7 40.Rb6 Ra1 41.Qxc6 
Qxc6 42.Rxc6 Ra8 43.Rc7 Ke8 44.c6 Kd8 45.Rd7+ Ke8 46.Rb7 Rc8 47.c7 Kd7 48.
Bb6 Kc6 49.Rb8 Kd7 50.Ke3 Ba3 51.Kd2 Bb2 52.Kc2 Ba3 53.Kd3 Bc1 54.Ba5 Ba3 
55.Rb5 Kc6 56.Rb3 Bc5 57.Ke2 Ba7 58.Rb4 Bc5 59.Rb8 Kd7 60.Rb2 Kc6 61.Kd3 
Ba7 62.c4 d4 63.Rb3 Bc5 64.Rb8 Kd7 65.Bb6 Bxb6 66.Rxb6 Rxc7 67.Rd6+ Ke7 
68.Kxd4 Ra7 69.Kc5 Ra3 70.Kc6 Rxg3 71.c5 Rb3 72.Rd7+ Ke8 73.Rg7 Rb4 74.Kd6
Rxf4 75.Kxe6 Kd8 76.Kf7 Rxh4 77.e6 Re4 78.Rg8+ Kc7 79.Rxg6 f4 80.e7 f3 81.
e8=Q 1-0

[Event "Central European zonal 2 (w)"]
[Site "Haifa ISR"]
[Date "1989.??.??"]
[Round "?"]
[White "Vardi, Shlomit"]
[Black "Wohlers-Armas, Friederike"]
[Result "1/2-1/2"]
[WhiteElo "2040"]
[BlackElo "2145"]
[EventDate "1989.??.??"]
[PlyCount "73"]

1.e4 c5 2.Nc3 Nc6 3.g3 g6 4.Bg2 Bg7 5.d3 e6 6.Be3 d6 7.f4 Nge7 8.Nf3 Nd4 
9.O-O Nec6 10.Qd2 Qd7 11.Nd1 Nxf3+ 12.Bxf3 Nd4 13.Bg2 b6 14.c3 Nc6 15.d4 
Ba6 16.Re1 Rc8 17.b3 Ne7 18.Qf2 O-O 19.Rc1 d5 20.dxc5 bxc5 21.exd5 Nxd5 
22.Bxc5 Nxc3 23.Be3 Ne2+ 24.Rxe2 Rxc1 25.Bxc1 Qxd1+ 26.Re1 Rd8 27.Bf3 Qd7 
28.Be3 Bd4 29.Rd1 Bxe3 30.Qxe3 Qe7 31.Rxd8+ Qxd8 32.Qxa7 Qd3 33.Qf2 f6 34.
Kg2 e5 35.fxe5 fxe5 36.Qe1 Qc2+ 37.Qf2 1/2-1/2

[Event "Central European zonal 2 (w)"]
[Site "Haifa ISR"]
[Date "1989.??.??"]
[Round "?"]
[White "Wohlers-Armas, Friederike"]
[Black "Borek, Jutta"]
[Result "1/2-1/2"]
[WhiteElo "2145"]
[BlackElo "2060"]
[EventDate "1989.??.??"]
[PlyCount "77"]

1.d4 Nf6 2.c4 e6 3.Nc3 Bb4 4.e3 O-O 5.a3 Bxc3+ 6.bxc3 c5 7.Bd3 Nc6 8.Ne2 
d6 9.O-O e5 10.f3 Re8 11.d5 Ne7 12.Ng3 g6 13.f4 exf4 14.exf4 Nf5 15.Rf3 
Kh8 16.Nf1 Bd7 17.Bd2 Ng7 18.Qc2 Bf5 19.Ng3 Qd7 20.Nf1 Bxd3 21.Qxd3 Nf5 
22.a4 Re7 23.h3 h5 24.g3 Rae8 25.Rf2 Ne4 26.Rg2 Nh6 27.Rh2 Kg7 28.Be1 f5 
29.a5 Ng8 30.Rb2 Ngf6 31.Rab1 Qc8 32.Rb3 Rf7 33.R1b2 Ree7 34.Qf3 Qd8 35.
Ra3 Qc8 36.Nh2 Rf8 37.Rg2 Rg8 38.Ra1 Rh8 39.Kh1 1/2-1/2

[Event "Central European zonal 2 (w)"]
[Site "Haifa ISR"]
[Date "1989.??.??"]
[Round "?"]
[White "Wohlers-Armas, Friederike"]
[Black "Ladner, Karin"]
[Result "0-1"]
[WhiteElo "2145"]
[BlackElo "2045"]
[EventDate "1989.??.??"]
[PlyCount "98"]

1.d4 Nf6 2.c4 g6 3.Nc3 Bg7 4.e4 d6 5.f3 O-O 6.Be3 e5 7.d5 Nh5 8.Qd2 f5 9.
Nge2 Nd7 10.O-O-O Ndf6 11.Kb1 a6 12.Nc1 Bd7 13.Qc2 fxe4 14.Nxe4 Qe7 15.Bd3
Nf4 16.g3 Nxd3 17.Nxd3 Nxe4 18.fxe4 Bg4 19.Rdf1 Bf3 20.Rhg1 Bxe4 21.Qe2 
Rxf1+ 22.Rxf1 Rf8 23.Rxf8+ Qxf8 24.Kc1 Qf3 25.Qxf3 Bxf3 26.Bg5 Kf7 27.Bd8 
c6 28.dxc6 Bxc6 29.Bc7 Ke6 30.b3 Bh6+ 31.Kc2 Be3 32.Kc3 Bg1 33.h4 Be4 34.
g4 Bf3 35.c5 Bd4+ 36.Kc4 d5+ 37.Kb4 Be4 38.c6 Bxd3 39.cxb7 Ba7 40.b8=Q 
Bxb8 41.Bxb8 Be2 42.g5 Kf5 43.Kc3 Ke4 44.Kd2 Bg4 45.Bc7 d4 46.a4 Be6 47.b4
Bd7 48.a5 Bb5 49.Bb6 Kd5 0-1

[Event "Central European zonal 2 (w)"]
[Site "Haifa ISR"]
[Date "1989.??.??"]
[Round "?"]
[White "Wohlers-Armas, Friederike"]
[Black "Lematschko, Tatjana"]
[Result "0-1"]
[WhiteElo "2145"]
[BlackElo "2305"]
[EventDate "1989.??.??"]
[PlyCount "86"]

1.d4 Nf6 2.c4 d6 3.Nc3 Nbd7 4.e3 e5 5.Bd3 g6 6.Nge2 Bg7 7.O-O O-O 8.b3 Ng4
9.h3 Nh6 10.Bb2 f5 11.f4 Nf7 12.Rc1 c6 13.Na4 exf4 14.exf4 Nf6 15.d5 cxd5 
16.cxd5 a6 17.Bc2 b5 18.Nac3 Bb7 19.Ba1 b4 20.Na4 Qa5 21.Rf3 Bxd5 22.Rd3 
Bb7 23.Rd4 Ne4 24.Bxe4 Bxe4 25.Qd2 Rac8 26.a3 Rxc1+ 27.Nxc1 Qc7 28.axb4 
Bxd4+ 29.Bxd4 Qc2 30.Qxc2 Bxc2 31.Kf2 Rc8 32.Nb6 Rb8 33.Nd5 Nd8 34.Bc3 Kf7
35.Ke3 Rc8 36.Kd2 Be4 37.Ne3 Ne6 38.Ne2 h6 39.g4 d5 40.gxf5 gxf5 41.Nd4 
Nxd4 42.Bxd4 Rg8 43.Nd1 Rg3 0-1

[Event "Central European zonal 2 (w)"]
[Site "Haifa ISR"]
[Date "1989.??.??"]
[Round "?"]
[White "Wohlers-Armas, Friederike"]
[Black "Podrazhanskaya, Olga"]
[Result "0-1"]
[WhiteElo "2145"]
[BlackElo "2200"]
[EventDate "1989.??.??"]
[PlyCount "86"]

1.d4 Nf6 2.c4 e6 3.Nc3 Bb4 4.a3 Bxc3+ 5.bxc3 c5 6.e3 b6 7.Bd3 Bb7 8.f3 Nc6
9.Ne2 O-O 10.O-O d6 11.e4 Ne8 12.f4 f5 13.d5 Na5 14.Ng3 fxe4 15.Bxe4 Nf6 
16.Bf3 Qd7 17.Bg4 Nxg4 18.Qxg4 Rae8 19.dxe6 Qxe6 20.f5 Qxc4 21.Bf4 Qxc3 
22.Bxd6 Rf7 23.Bf4 Nc4 24.Kh1 Ne3 25.Bxe3 Qxe3 26.f6 Qd4 27.Qxd4 cxd4 28.
Rad1 Rxf6 29.Rxf6 gxf6 30.Kg1 Rd8 31.Ne2 d3 32.Nf4 Be4 33.Kf2 Kf7 34.Ke3 
Bf5 35.Rd2 Re8+ 36.Kf2 Rc8 37.Nxd3 Rc3 38.Nb2 Rxa3 39.Nc4 Rd3 40.Rxd3 Bxd3
41.Nd6+ Ke6 42.Nc8 Kd7 43.Nxa7 Kc7 0-1

[Event "Central European zonal 2 (w)"]
[Site "Haifa ISR"]
[Date "1989.??.??"]
[Round "?"]
[White "Wohlers-Armas, Friederike"]
[Black "Trabert, Bettina"]
[Result "0-1"]
[WhiteElo "2145"]
[BlackElo "2205"]
[EventDate "1989.??.??"]
[PlyCount "36"]

1.d4 d5 2.c4 e6 3.Nc3 c6 4.e4 dxe4 5.Nxe4 Bb4+ 6.Bd2 Qxd4 7.Bxb4 Qxe4+ 8.
Be2 Nd7 9.Bd6 Ne7 10.Qd2 Nf5 11.O-O-O Nxd6 12.Qxd6 Qe5 13.Qd2 O-O 14.f4 
Qc5 15.Bd3 Nf6 16.h3 b5 17.Kb1 bxc4 18.Rc1 Qd5 0-1